[Event "Lipetsk Region-ch U18"]
[Site "Lipetsk"]
[Date "2010.03.14"]
[Round "6"]
[White "Ekimov, Alexey"]
[Black "Omarov, Farid"]
[Result "0-1"]
[WhiteElo "1757"]
[BlackElo "1387"]
[PlyCount "98"]
[EventDate "2010.03.05"]
[EventType "swiss"]
[EventRounds "9"]
[EventCountry "RUS"]
[SourceTitle "EXT 2022"]
[Source "ChessBase"]
[SourceDate "2021.10.06"]
[SourceVersion "1"]
[SourceVersionDate "2021.10.06"]
[SourceQuality "1"]

1. e4 c5 2. Nf3 d6 3. d4 cxd4 4. Nxd4 Nf6 5. Nc3 a6 6. f3 e5 7. Nb3 Be7 8. Be3 Nbd7 9. Qd2 Nc5 10. Nxc5 dxc5 11. Qxd8+ Kxd8 12. 0-0-0+ Ke8 13. Be2 Be6 14. a3 b5 15. Nd5 Nxd5 16. exd5 Bd7 17. d6 Bf6 18. Bxc5 Bg5+ 19. Kb1 f6 20. Rhe1 Kf7 21. Bd3 Rac8 22. b4 Rhe8 23. Be4 g6 24. Bb7 Rb8 25. Bd5+ Kf8 26. h4 Bh6 27. Bc6 Red8 28. Bd5 Rbc8 29. Kb2 Ke8 30. Bb6 Bc6 31. Bxd8 Kxd8 32. Bxc6 Rxc6 33. Rd5 Kd7 34. Red1 Bf8 35. Rxe5 fxe5 36. Kb3 Rxd6 37. Rxd6+ Bxd6 38. c4 Ke6 39. c5 Bc7 40. Kc3 Kf5 41. g3 e4 42. fxe4+ Kxe4 43. g4 h6 44. Kd2 h5 45. gxh5 gxh5 46. Ke2 Kd5 47. Kf3 Be5 48. c6 Kxc6 49. Ke4 Bg3 0-1